000 00369nam a22001337a 4500
008 180918b xxu||||| |||| 00| 0 eng d
020 _a9781933392899
041 _aeng
080 _a612.39
100 _a10
101 _aNUT
245 _aRenewing Americans Food Traditions Saving The Continent s Most Endangered foods
_cNabhanG.P
942 _2udc
_cBK
999 _c47924
_d47924